000 01461nam a22002657a 4500
999 _c22167
_d22167
003 AR-CdUCM
008 190425b ||||| |||| 00| 0 spa d
040 _aMUNICIPALIDAD PROVINCIAL DEL CUSCO
_cBIBLIOTECA MUNICIPAL DEL CUSCO
082 _aOropesa/N°52/2004
245 _aOropesa :
_brevista de cultura y educación de opinión y crítica /
_cAmérico Valer Vargas, Director
260 _aCusco.
_bPantigozo,
_c2004.
300 _a22 páginas. :
_bilustraciones ;
_c30 cm.
440 _aOropesa.
_nAño XXIII, N°LII, diciembre 2004.
_947586
505 _aContenido: Navidad con esperanza y año 2005 con justicia social. -- Comunidad Sudamericana de naciones. -- La adoración del niño Jesús por los Reyes Magos. -- Esencia revolucionaria de Tupac Amaru II. -- Halloween y el día de la canción criolla. -- Entrevista al Monseñor Juan Antonio Ugarte Arzobispo de la Arquidiócesis del Cusco. -- Clorinda Matto de Turner y Aves sin Nido. Washington Canal Astete. -- Panorama de la Ecología del Cusco. Eduardo Gil Mora. -- Festividad de Mamacha Carmen en la Provincia Paucartambo.
650 _aPolítica cusqueña
_947381
650 _aCultura andina
_947570
650 _aSociedad cusqueña
_947493
650 _aSiglo XX
_947561
700 _aValenzuela Lovón, Armando
_91192
700 _aSaloma Gonzáles, Adolfo
_947572
700 _aGil Mora, Eduardo
_946972
700 _aCanal Astete, Washington
_947571
942 _2ddc
_cPP
945 _arac